[Event "2006 Standard Chess Dropout Tournament, Round 2"]
[Site "SchemingMind.com"]
[Date "2006.03.12"]
[Round "2"]
[White "nodakindy"]
[Black "rwc"]
[Result "0-1"]
[WhiteCountry "USA"]
[BlackCountry "USA"]
[WhiteElo "1382"]
[WhiteRD "129"]
[BlackElo "1744"]
[BlackRD "106"]
[GameID "42520"]

1. e4 e5 2. Nc3 Nf6 3. g3 d5 4. Bg2 d4 5. Nb1 c5 6. d3 Bd6 7. h3 O-O 8. Ne2 Be6 9. O-O Qd7 10. Kh2 c4
11. f4 cxd3 12. cxd3 Qc8 13. f5 Bd7 14. b3 Na6 15. Bg5 Qd8 16. Nd2 Ng4+ 17. hxg4 Qxg5 18. Ng1 Nc5 19. Nh3 Qe7 20. Nc4 Bc7
21. Qf3 b5 22. Nd2 Ba5 23. Rf2 h6 24. a3 Bxd2 25. Rxd2 Nxb3 26. Rda2 Nxa1 27. Rxa1 Rfc8 28. Qe2 Rc3 29. Qd2 Rxa3 30. Rf1 f6
31. Bf3 b4 32. g5 fxg5 33. Bh5 Rc3 34. g4 b3 35. Nf2 a5 36. Kg3 a4 37. Rc1 Qc5 38. Rh1 a3 39. Nh3 a2 40. Nxg5 hxg5
41. Qxg5 Rxd3+ 42. Kh4 a1=Q 43. Rxa1 Rxa1 44. Qd8+ Qf8 45. Qxd7 Rh1+ 46. Kg5 Qf6#
0-1

[Event "2006 Standard Chess Dropout Tournament, Round 2"]
[Site "SchemingMind.com"]
[Date "2006.03.12"]
[Round "2"]
[White "paddyBosnian"]
[Black "fer_even"]
[Result "0-1"]
[WhiteCountry "BIH"]
[BlackCountry "ARG"]
[WhiteElo "1781"]
[WhiteRD "74"]
[BlackElo "2188"]
[BlackRD "72"]
[GameID "42521"]

1. d4 d5 2. c4 dxc4 3. Nf3 a6 4. a4 Nf6 5. Nc3 Nc6 6. g3 Bg4 7. Bg2 e6 8. O-O Bb4 9. e3 O-O 10. Bd2 Rb8
11. Re1 e5 12. Qc2 Bxf3 13. Bxf3 exd4 14. Ne4 d3 15. Qxc4 Ne5 16. Qxb4 Nxf3+ 17. Kg2 Nxe1+ 18. Rxe1 Qd5 19. f3 Nxe4 20. fxe4 Qe6
21. Bc3 Rfd8 22. Rf1 b6 23. e5 c5 24. Qh4 b5 25. axb5 axb5 26. Qg5 d2 27. Rf6 Qd5+ 28. e4 Qxe4+ 29. Kh3 d1=Q
0-1

[Event "2006 Standard Chess Dropout Tournament, Round 2"]
[Site "SchemingMind.com"]
[Date "2006.03.13"]
[Round "2"]
[White "pattSir"]
[Black "the gadget"]
[Result "1-0"]
[WhiteCountry "GER"]
[BlackCountry "ENG"]
[WhiteElo "2155"]
[WhiteRD "90"]
[BlackElo "2001"]
[BlackRD "91"]
[GameID "42522"]

1. e4 c5 2. d4 cxd4 3. c3 Nf6 4. Bd3 e5 5. Nf3 Nc6 6. cxd4 exd4 7. O-O d5 8. e5 Nd7 9. Nbd2 Be7 10. Nb3 Ncxe5
11. Nxe5 Nxe5 12. Bb5+ Nc6 13. Nxd4 Bd7 14. Be3 Nxd4 15. Bxd7+ Qxd7 16. Bxd4 O-O 17. Qh5 Rfc8 18. Rad1 Rc6 19. Rd3 Rh6 20. Qf3 Rd8
21. Rfd1 Qa4 22. a3 Re6 23. h3 Red6 24. Re1 Bf6 25. Bxf6 Rxf6 26. Rxd5 Rf8 27. Qe4 Qxe4 28. Rxe4 Re6= 29. Rxe6 fxe6 30. Rd6 Rf6
31. Kf1 g5 32. Ke2 Kg7 33. Ke3 Kg6 34. Rd7 Rf7 35. Rxf7 Kxf7 36. Ke4 Kf6 37. a4 b6 38. b4 h6 39. b5 h5 40. g3 Kf7
41. f4 gxf4 42. gxf4 Ke7 43. f5 Kf6 44. fxe6 Kxe6= 45. h4 Kd6 46. Kf5 Kc5 47. Kg5
1-0

[Event "2006 Standard Chess Dropout Tournament, Round 2"]
[Site "SchemingMind.com"]
[Date "2006.03.13"]
[Round "2"]
[White "pedrinho"]
[Black "Katarrov"]
[Result "1/2-1/2"]
[WhiteCountry "GBR"]
[BlackCountry "ESP"]
[WhiteElo "2072"]
[WhiteRD "140"]
[BlackElo "2192"]
[BlackRD "83"]
[GameID "42523"]

1. e4 e5 2. f4 exf4 3. Bc4 Nf6 4. Nc3 c6 5. Bb3 d5 6. exd5 cxd5 7. Nf3 Bd6 8. O-O O-O 9. d4 Be6 10. Qd3 Nc6
11. Ng5 Nb4 12. Nxe6 Qe7 13. Qh3 fxe6 14. Bxf4 Nc6 15. Be3 Qd7 16. Rae1 Bb4 17. Bg5 Rae8 18. Bxf6 Bxc3 19. Qxc3 Rxf6 20. Rxf6 gxf6
21. Qf3 Kg7 22. Qg4+ Kh8 23. Qh4 Qf7 24. c4 Re7 25. Rf1 f5 26. cxd5 exd5 27. Qf2 a6 28. Qxf5 Qxf5 29. Rxf5 Nxd4 30. Rxd5 Nxb3
31. axb3 Re2 32. Rd8+ Kg7 33. Rd7+ Kg6 34. Rxb7 Rxb2 35. Rb6+ Kf5 36. Rxa6 Rxb3 37. Kf2 h5 38. Ra5+=
1/2-1/2

[Event "2006 Standard Chess Dropout Tournament, Round 2"]
[Site "SchemingMind.com"]
[Date "2006.03.12"]
[Round "2"]
[White "pjl1015"]
[Black "Gordon"]
[Result "1-0"]
[WhiteCountry "USA"]
[BlackCountry "ENG"]
[WhiteElo "1924"]
[WhiteRD "202"]
[BlackElo "2217"]
[BlackRD "73"]
[GameID "42524"]

1. e4 c5 2. Nf3 d6 3. d4 cxd4 4. Nxd4 Nf6 5. Nc3 g6 6. Be3 Bg7 7. Be2 O-O 8. h4 Nc6 9. h5 d5 10. Nxc6 bxc6
11. e5 Ne4 12. Nxe4 dxe4 13. hxg6 hxg6 14. Bd4 Qc7 15. Qc1 Bf5 16. Qf4 Qa5+ 17. Bc3 Qc5 18. g4 Be6 19. Rh3 Qd5 20. Kf1 Rfd8
21. Kg2 f5 22. Rd1 Qxa2 23. Rdh1 e3 24. gxf5 Rf8 25. Rh8+
1-0

[Event "2006 Standard Chess Dropout Tournament, Round 2"]
[Site "SchemingMind.com"]
[Date "2006.03.12"]
[Round "2"]
[White "qhalid"]
[Black "lemme howdt"]
[Result "1-0"]
[WhiteCountry "USA"]
[BlackCountry "USA"]
[WhiteElo "2068"]
[WhiteRD "97"]
[BlackElo "1474"]
[BlackRD "100"]
[GameID "42525"]

1. c4 Nf6 2. Nc3 d5 3. cxd5 Nxd5 4. g3 Nxc3 5. bxc3 g6 6. Bg2 Bg7 7. Nf3 Nc6 8. d4 O-O 9. O-O e5 10. Bg5 Qd6
11. dxe5 Bxe5 12. Nxe5 Nxe5 13. Qxd6 cxd6 14. Be7 Re8 15. Bxd6 Nc4 16. Bc5 Rxe2 17. Rfe1 Bg4 18. Rxe2 Bxe2 19. Re1 Bd3 20. Bxb7 Rb8
21. Re7 a5 22. Bd5 Rd8 23. Bxf7+ Kh8 24. f4 Nd2 25. Re8+ Rxe8 26. Bd4+
1-0

[Event "2006 Standard Chess Dropout Tournament, Round 2"]
[Site "SchemingMind.com"]
[Date "2006.03.12"]
[Round "2"]
[White "Quirine"]
[Black "willy010161"]
[Result "1-0"]
[WhiteCountry "NED"]
[BlackCountry "ARG"]
[WhiteElo "1864"]
[WhiteRD "81"]
[BlackElo "1795"]
[BlackRD "134"]
[GameID "42526"]

1. d4 d5 2. Nf3 Nc6 3. c4 e6 4. Nc3 Bb4 5. e3 Nf6 6. Bd3 Ne4 7. Qc2 Bxc3+ 8. bxc3 f5 9. Ba3 Qf6 10. Rb1 Ne7
11. Ne5 c6 12. f3 Qh4+ 13. g3 Qf6 14. fxe4 fxe4 15. Be2 O-O 16. Rf1 Qg5 17. Rxf8+ Kxf8 18. Kd2 Kg8 19. Bxe7 Qxe7 20. Rf1 c5
21. Rf7 Qd6 22. Qa4 a6 23. Qe8+
1-0

[Event "2006 Standard Chess Dropout Tournament, Round 2"]
[Site "SchemingMind.com"]
[Date "2006.03.14"]
[Round "2"]
[White "rabbit"]
[Black "dfan"]
[Result "1-0"]
[WhiteCountry "USA"]
[BlackCountry "USA"]
[WhiteElo "2040"]
[WhiteRD "83"]
[BlackElo "1868"]
[BlackRD "99"]
[GameID "42527"]

1. e4 Nf6 2. e5 Nd5 3. d4 d6 4. Nf3 c6 5. c4 Nc7 6. Nc3 Bg4 7. exd6 exd6 8. Be2 Be7 9. Qb3 b6 10. h3 Bh5
11. O-O O-O 12. Be3 Nd7 13. Qa4 c5 14. Rad1 cxd4 15. Nxd4 Nc5 16. Qc6 Bg6 17. f4 f5 18. b4 Ne4 19. Nxe4 fxe4 20. f5 Bf7
21. Bf4 Na6 22. Qb7 Nxb4 23. a3
1-0

[Event "2006 Standard Chess Dropout Tournament, Round 2"]
[Site "SchemingMind.com"]
[Date "2006.03.12"]
[Round "2"]
[White "Raimondi"]
[Black "inexorable"]
[Result "0-1"]
[WhiteCountry "PER"]
[BlackCountry "USA"]
[WhiteElo "1621"]
[WhiteRD "72"]
[BlackElo "2030"]
[BlackRD "98"]
[GameID "42528"]

1. e4 e5 2. Nf3 Nc6 3. Bb5 a6 4. Ba4 Nf6 5. O-O b5 6. Bb3 Bb7 7. Re1 Bc5 8. c3 d6 9. d4 Bb6 10. Bg5 h6
11. Bh4 g5 12. Bg3 O-O 13. dxe5 Nxe5 14. Nxe5 dxe5 15. Nd2 Qe7 16. Qe2 Rad8 17. Rad1 Rd6 18. Kh1 Rfd8 19. f3 Nh5 20. Bf2 Nf4
21. Qf1 Rxd2 22. Bxb6 cxb6 23. g3 Ne6 24. Rb1 Qc5 25. Re2 a5 26. Rc1 Nc7 27. Qg2 Qd6 28. h4 a4 29. Bc2 Rxe2 30. Qxe2 Qf6
31. Rf1 gxh4 32. Qg2 Kh7 33. g4 Qf4 34. Re1 Rd2 35. Re2 Rxe2 36. Qxe2 Qg3 37. Bd1 h3 38. Qh2 Qe1+ 39. Qg1 Qxg1+ 40. Kxg1 Ne6
41. Be2 Bc6 42. Kh2 Nf4 43. Bf1 Kg6 44. Bxh3 Nxh3 45. Kxh3 Kg5 46. Kg3 Be8 47. b3 a3 48. Kf2 Kf4 49. Ke2 f6 50. Kf2 h5
0-1

[Event "2006 Standard Chess Dropout Tournament, Round 2"]
[Site "SchemingMind.com"]
[Date "2006.03.12"]
[Round "2"]
[White "Reddog"]
[Black "Harold"]
[Result "1-0"]
[WhiteCountry "ENG"]
[BlackCountry "GBR"]
[WhiteElo "2005"]
[WhiteRD "110"]
[BlackElo "1398"]
[BlackRD "83"]
[GameID "42529"]

1. d4 d5 2. c4 c6 3. Nf3 Nf6 4. cxd5 cxd5 5. Nc3 Nc6 6. Bg5 e6 7. e3 Bb4 8. Bd3 O-O 9. O-O h6 10. Bh4 Be7
11. Rc1 Qb6 12. Na4 Qd8 13. Nc5 b6 14. Nxe6 Bxe6 15. Rxc6 Qd7 16. Ne5 Qe8 17. Qc2 Rc8 18. Rxc8 Qxc8 19. Nc6 Qd7 20. Nxe7+ Qxe7
21. Ba6 Ne4 22. Bxe7
1-0

[Event "2006 Standard Chess Dropout Tournament, Round 2"]
[Site "SchemingMind.com"]
[Date "2006.03.13"]
[Round "2"]
[White "renegade"]
[Black "nodakindy"]
[Result "0-1"]
[WhiteCountry "ENG"]
[BlackCountry "USA"]
[WhiteElo "1625"]
[WhiteRD "101"]
[BlackElo "1437"]
[BlackRD "139"]
[GameID "42530"]

1. c4 Nf6 2. Nc3 e5 3. g3 Bc5 4. e3 d6 5. Bg2 O-O 6. Nf3 Nbd7 7. O-O a6 8. a3 Ba7 9. b4 c5 10. Re1 Rb8
11. b5 b6 12. a4 a5 13. d4 Ng4 14. d5 Ndf6 15. Qd3 Rb7 16. h3 Nh6 17. g4 Nfxg4 18. hxg4 Bxg4 19. e4 f5 20. Ng5 f4
21. Ne6 Bxe6 22. dxe6 Qh4 23. Qxd6 Ng4 24. Qd2 f3 25. Bxf3 Rxf3 26. Kg2 Rxf2+
0-1

[Event "2006 Standard Chess Dropout Tournament, Round 2"]
[Site "SchemingMind.com"]
[Date "2006.03.12"]
[Round "2"]
[White "rwc"]
[Black "Schesser"]
[Result "1-0"]
[WhiteCountry "USA"]
[BlackCountry "FIN"]
[WhiteElo "1744"]
[WhiteRD "106"]
[BlackElo "1780"]
[BlackRD "192"]
[GameID "42532"]

1. e4 e5 2. Nf3 Nc6 3. Bb5 a6 4. Ba4 Nf6 5. O-O Be7 6. Re1 b5 7. Bb3 d6 8. h3 Na5 9. c3 Nxb3 10. axb3 O-O
11. d4 exd4 12. Nxd4 Bb7 13. Nf5 c5 14. Bg5 Kh8 15. Bxf6 gxf6 16. c4 Rg8 17. Nc3 b4 18. Nd5 Bf8 19. Qf3 Bxd5 20. exd5 Ra7
21. Re4 Be7 22. Rae1 Bf8 23. Re8 Qc7 24. Rxf8 Rxf8 25. Qg3 Rg8 26. Qxg8+
1-0

[Event "2006 Standard Chess Dropout Tournament, Round 2"]
[Site "SchemingMind.com"]
[Date "2006.03.12"]
[Round "2"]
[White "Ryan"]
[Black "wilfried"]
[Result "0-1"]
[WhiteCountry "NED"]
[BlackCountry "GER"]
[WhiteElo "2111"]
[WhiteRD "91"]
[BlackElo "2294"]
[BlackRD "106"]
[GameID "42533"]

1. d4 Nf6 2. c4 e6 3. Nf3 b6 4. Nc3 Bb7 5. a3 d5 6. cxd5 Nxd5 7. e3 g6 8. Bd3 Nxc3 9. bxc3 c5 10. e4 cxd4
11. cxd4 Bg7 12. Bg5 Qd7 13. Ne5 Bxe5 14. dxe5 O-O 15. Qd2 Qd4 16. Rc1 Bxe4 17. Qf4 Qxd3 18. Bf6 Bxg2 19. Qh6 Qe4+ 20. Kd2 Rd8+
21. Bxd8 Qd5+ 22. Kc2 Nc6
0-1

[Event "2006 Standard Chess Dropout Tournament, Round 2"]
[Site "SchemingMind.com"]
[Date "2006.03.12"]
[Round "2"]
[White "sansubari"]
[Black "swayne"]
[Result "1-0"]
[WhiteCountry "MAS"]
[BlackCountry "ENG"]
[WhiteElo "1700"]
[WhiteRD "62"]
[BlackElo "1512"]
[BlackRD "73"]
[GameID "42534"]

1. d4 d5 2. Bf4 Nf6 3. Nf3 Bf5 4. h3 h6 5. g4 Be4 6. Nbd2 Bh7 7. c3 e6 8. Ne5 Bd6 9. e3 O-O 10. Ndf3 Ne4
11. Nd2 Qh4 12. Qe2 Nxd2 13. Qxd2 f6 14. Nf3
1-0

[Event "2006 Standard Chess Dropout Tournament, Round 2"]
[Site "SchemingMind.com"]
[Date "2006.03.13"]
[Round "2"]
[White "saxon"]
[Black "pjl1015"]
[Result "0-1"]
[WhiteCountry "GER"]
[BlackCountry "USA"]
[WhiteElo "2182"]
[WhiteRD "110"]
[BlackElo "2069"]
[BlackRD "187"]
[GameID "42535"]

1. e4 e6 2. d4 d5 3. Nc3 Bb4 4. e5 Ne7 5. a3 Bxc3+ 6. bxc3 c5 7. h4 Qa5 8. Bd2 Nbc6 9. h5 b6 10. h6 g6
11. Qf3 Ba6 12. Qf6 Rf8 13. Nf3 Bxf1 14. Kxf1 Qb5+ 15. Kg1 Qb2 16. Rc1 cxd4 17. cxd4 Nf5 18. c3 Na5 19. Bf4 Nb3 20. Rf1 Qxc3
21. Rh3 Nbxd4 22. Bg5 Kd7 23. Nxd4 Qxd4 24. Be3 Qe4 25. Bd2 a5 26. Re1 Qd4 27. Bg5 Ra7 28. Rf3 Kc8 29. Rb1 Rb7 30. Rfb3 Kb8
31. Rc1 Ka7 32. Be3 Qg4 33. g3 Ka6 34. Kg2 Qa4 35. Rcb1 Qe4+ 36. Kg1 Nxe3 37. fxe3 Rc8 38. Qf1+ Rc4
0-1

[Event "2006 Standard Chess Dropout Tournament, Round 2"]
[Site "SchemingMind.com"]
[Date "2006.03.13"]
[Round "2"]
[White "Schesser"]
[Black "Atomov"]
[Result "1-0"]
[WhiteCountry "FIN"]
[BlackCountry "HUN"]
[WhiteElo "1876"]
[WhiteRD "173"]
[BlackElo "1877"]
[BlackRD "78"]
[GameID "42536"]

1. e4 e5 2. Bc4 Nf6 3. d3 Nc6 4. Nf3 Bc5 5. c3 a6 6. b4 Ba7 7. a4 d6 8. O-O Be6 9. Bxe6 fxe6 10. Qb3 Qd7
11. Bb2 O-O 12. Nbd2 h6 13. d4 Nd8 14. dxe5 dxe5 15. Qc2 b5 16. axb5 axb5 17. Nxe5 Qe8 18. Ra3 Nf7 19. Ng6 Ng4 20. Nb3 Nfe5
21. Nxe5 Nxe5 22. Nd4 Nc4 23. Raa1 c6 24. Kh1 Bxd4 25. cxd4 Rxa1 26. Rxa1 Nxb2 27. Qxb2 g5 28. Ra7 Qg6 29. Qc2 Qf6 30. Qxc6 Rf7
31. Ra8+ Kg7 32. Qe8 Qxf2 33. Qg8+
1-0

[Event "2006 Standard Chess Dropout Tournament, Round 2"]
[Site "SchemingMind.com"]
[Date "2006.03.12"]
[Round "2"]
[White "simon_w"]
[Black "brightnight"]
[Result "1-0"]
[WhiteCountry "IRL"]
[BlackCountry "USA"]
[WhiteElo "1677"]
[WhiteRD "83"]
[BlackElo "1455"]
[BlackRD "84"]
[GameID "42539"]

1. e4 c5 2. Bc4 e6 3. Nc3 g6 4. d3 Bg7 5. Bf4 a6 6. a4 Nc6 7. Nf3 Nf6 8. Ne5 Nxe5 9. Bxe5 O-O 10. d4 Ne8
11. Bxg7 Nxg7 12. dxc5 Qg5 13. O-O Qxc5 14. Bb3 Nh5 15. Qf3 e5 16. Nd5 Qd6 17. Rad1 Qc5 18. Nf6+ Nxf6 19. Qxf6 d6 20. Rxd6 Be6
21. Bxe6 fxe6 22. Qxe6+ Kh8 23. Rd2 Rae8 24. Qd5 Qe7 25. Qd7 Qb4 26. Re1 Qxb2 27. Qh3 Rd8 28. Qh6 Qb6 29. Rf1 Rf4 30. g3 Rxe4
31. Rd7
1-0

[Event "2006 Standard Chess Dropout Tournament, Round 2"]
[Site "SchemingMind.com"]
[Date "2006.03.12"]
[Round "2"]
[White "surfnsuds"]
[Black "Barry"]
[Result "1-0"]
[WhiteCountry "USA"]
[BlackCountry "GBR"]
[WhiteElo "1344"]
[WhiteRD "94"]
[BlackElo "1650"]
[BlackRD "116"]
[GameID "42540"]

1. d4 d5 2. e3 Nf6 3. c3 e6 4. Bd3 c5 5. Nd2 Nc6 6. Ngf3 cxd4 7. exd4 Bd6 8. O-O O-O 9. Ng5 Re8 10. Re1 h6
11. Ngf3 e5 12. Bc2 Bg4 13. h3 Bxf3 14. Qxf3 exd4 15. Re2 dxc3 16. bxc3 d4 17. Ba4 Rxe2 18. Qxe2 dxc3 19. Ne4 Nxe4 20. Qxe4 Nd4
21. g3 Ne6 22. Bc2 Nf8 23. Rb1 b6 24. Rb3 Qc7 25. Qxa8
1-0

[Event "2006 Standard Chess Dropout Tournament, Round 2"]
[Site "SchemingMind.com"]
[Date "2006.03.12"]
[Round "2"]
[White "swayne"]
[Black "jdcald13"]
[Result "0-1"]
[WhiteCountry "ENG"]
[BlackCountry "USA"]
[WhiteElo "1512"]
[WhiteRD "73"]
[BlackElo "1870"]
[BlackRD "76"]
[GameID "42541"]

1. e4 c6 2. Nf3 d5 3. e5 Bf5 4. d4 e6 5. a3 c5 6. Bb5+ Nc6 7. O-O Qb6 8. Ba4 Bg4 9. Nbd2 cxd4 10. h3 Bh5
11. Re1 Nh6 12. Nb3 Bxf3 13. Qxf3 Nf5 14. Bf4 Be7 15. Nd2 O-O 16. b4 a5 17. Rab1 axb4 18. Bxc6 Qxc6 19. axb4 Ra2 20. b5 Qxc2
21. Qg4 Rc8 22. Nb3 Qxf2+ 23. Kh2 h5 24. Qd1 Qxg2#
0-1

[Event "2006 Standard Chess Dropout Tournament, Round 2"]
[Site "SchemingMind.com"]
[Date "2006.03.13"]
[Round "2"]
[White "sythymesnos"]
[Black "pattSir"]
[Result "0-1"]
[WhiteCountry "FRA"]
[BlackCountry "GER"]
[WhiteElo "1750"]
[WhiteRD "61"]
[BlackElo "2103"]
[BlackRD "94"]
[GameID "42542"]

1. e4 e5 2. f4 exf4 3. Nf3 g5 4. Bc4 Bg7 5. O-O d6 6. c3 Nd7 7. d4 Nb6 8. Bb3 Qe7 9. Na3 Be6 10. Bc2 O-O-O
11. b3 h5 12. Nxg5 Qxg5 13. Bxf4 Qg4 14. Qd3 Ne7 15. Bd1 Qg6 16. Be2 Rhg8 17. Bf3 Ned5 18. Bg3 Bh6 19. Kh1 Ne3 20. Rg1 f5
21. exf5 Nxf5 22. Rgd1 Nxg3+ 23. hxg3 Qxg3 24. Re1 Rde8 25. Re2 Bf4 26. Kg1 Qh2+ 27. Kf2 Bg3+ 28. Ke3 Bf5+
0-1

[Event "2006 Standard Chess Dropout Tournament, Round 2"]
[Site "SchemingMind.com"]
[Date "2006.03.13"]
[Round "2"]
[White "teban"]
[Black "budi"]
[Result "0-1"]
[WhiteCountry "CAN"]
[BlackCountry "INA"]
[WhiteElo "1736"]
[WhiteRD "132"]
[BlackElo "1962"]
[BlackRD "141"]
[GameID "42543"]

1. d4 d5 2. c4 c6 3. Nf3 Nf6 4. Nc3 dxc4 5. a4 Bf5 6. e3 e6 7. Bxc4 Bb4 8. Nh4 Bg4 9. f3 Nd5 10. g3 Nxc3
11. Qb3 Nd5+ 12. Ke2 Bh3 13. Bxd5 Qe7 14. Bc4 g5 15. Ng2 Bxg2 16. Rg1 Bh3 17. g4 h5 18. Rg3 hxg4 19. fxg4 Bd6 20. Rxh3 Rxh3
21. Bd2 Rxh2+ 22. Kd3 Nd7 23. Qxb7 Nc5+
0-1

[Event "2006 Standard Chess Dropout Tournament, Round 2"]
[Site "SchemingMind.com"]
[Date "2006.03.15"]
[Round "2"]
[White "the gadget"]
[Black "John Elburg"]
[Result "1/2-1/2"]
[WhiteCountry "ENG"]
[BlackCountry "NED"]
[WhiteElo "2031"]
[WhiteRD "94"]
[BlackElo "2079"]
[BlackRD "97"]
[GameID "42544"]

1. e4 e6 2. d4 d5 3. Nc3 Nf6 4. e5 Nfd7 5. Nf3 c5 6. dxc5 Nc6 7. Bf4 Bxc5 8. Bd3 f6 9. exf6 Nxf6 10. O-O O-O
11. Qd2 Bd6 12. Bxd6 Qxd6 13. Nb5 Qb8 14. Rae1 a6 15. Nc3 Qd6 16. Qg5 Bd7 17. a3 Rae8 18. Rd1 b5 19. Qh4 Rb8 20. b4 Rbc8
21. Rfe1 h6 22. Nd4 Ne5 23. Qg3 Rxc3 24. Qxe5 Qxe5 25. Rxe5 Rxa3 26. Re3 Ra4 27. Nxe6 Bxe6 28. Rxe6 Rxb4 29. Rxa6 Ne4 30. f3 Nc5
31. Rd6 Nxd3 32. cxd3 d4 33. Re1 Rc8 34. h3 Rc7=
1/2-1/2

[Event "2006 Standard Chess Dropout Tournament, Round 2"]
[Site "SchemingMind.com"]
[Date "2006.03.12"]
[Round "2"]
[White "wilfried"]
[Black "Sebastian Strauchler"]
[Result "1-0"]
[WhiteCountry "GER"]
[BlackCountry "ARG"]
[WhiteElo "2287"]
[WhiteRD "106"]
[BlackElo "2070"]
[BlackRD "77"]
[GameID "42546"]

1. d4 d5 2. c4 e6 3. Nf3 Nf6 4. Nc3 Nbd7 5. Bg5 c6 6. cxd5 exd5 7. e3 Qa5 8. Nd2 Bd6 9. Bd3 Qc7 10. Rc1 a6
11. Nf3 O-O 12. O-O h6 13. Bh4 b5 14. Qc2 Bb7 15. Bf5 Qa5 16. a3 Rfe8 17. e4 dxe4 18. Nxe4 Qc7 19. Bxf6 Nxf6 20. Nxf6+ gxf6
21. Bh7+ Kg7 22. Be4 Bf4 23. Rce1 Rad8 24. g3 Bd6 25. Nh4 Bf8 26. Re3 Kh8 27. Nf5 Qd7 28. f3 Re6 29. Rd3 Qc7 30. b4 a5
31. Qd2 axb4 32. axb4 Ra8 33. Nxh6 Ra4 34. Nf5
1-0

[Event "2006 Standard Chess Dropout Tournament, Round 2"]
[Site "SchemingMind.com"]
[Date "2006.03.13"]
[Round "2"]
[White "willy010161"]
[Black "KaliYuga"]
[Result "0-1"]
[WhiteCountry "ARG"]
[BlackCountry "IRL"]
[WhiteElo "1729"]
[WhiteRD "123"]
[BlackElo "1936"]
[BlackRD "63"]
[GameID "42547"]

1. e4 c5 2. f4 d5 3. e5 Nc6 4. Nf3 Bg4 5. Bb5 Qb6 6. Bxc6+ Qxc6 7. O-O e6 8. h3 Bh5 9. d3 Nh6 10. g4 Bg6
11. Nh4 Be7 12. Nxg6 hxg6 13. Nc3 d4 14. Ne4 f5 15. exf6 gxf6 16. Qf3 f5 17. Nf6+ Bxf6 18. g5 Qxf3 19. Rxf3 Be7 20. gxh6 Rxh6
21. Bd2 Kf7 22. Kg2 Rah8 23. Rg1 Bd6 24. c3 b5 25. a4 bxa4 26. Ra1 Rb8 27. Bc1 dxc3 28. bxc3 Rb3 29. Rxa4 Rxc3 30. Rxa7+ Be7
31. Ba3 Rc2+ 32. Rf2 Rc3 33. Rd2 Ke8 34. Rb2 Rxd3 35. Bxc5 Bxc5
0-1

[Event "2006 Standard Chess Dropout Tournament, Round 2"]
[Site "SchemingMind.com"]
[Date "2006.03.13"]
[Round "2"]
[White "Zarra"]
[Black "ARVO REEDE"]
[Result "1-0"]
[WhiteCountry "FIN"]
[BlackCountry "EST"]
[WhiteElo "1670"]
[WhiteRD "90"]
[BlackElo "1713"]
[BlackRD "105"]
[GameID "42549"]

1. f4 f5 2. Nf3 Nf6 3. e3 Nc6 4. b3 e5 5. fxe5 Ng4 6. Bb2 d5 7. exd6 Qxd6 8. Bc4 Be6 9. Bxe6 Qxe6 10. h3 Nf6
11. O-O Bd6 12. Nh4 g6 13. e4 O-O-O 14. exf5 gxf5 15. Rxf5 Ne5 16. Rf1 Rhg8 17. Nf5 Qd5 18. Ne3 Qc6 19. Rxf6 Qd7 20. Qh5 Ng6
21. Nc3 Be5 22. Rf2 Bd4 23. Rd1 Qg7 24. Nf5 Bxf2+ 25. Kxf2 Rdf8 26. Kg1 Qe5 27. Rf1 b6 28. Nd1 Qe4 29. d3 Qb7 30. Qg4 Kb8
31. Nh4 Nxh4 32. Rxf8+ Rxf8 33. Qxh4 Rg8 34. Ne3 Qc6 35. Qc4 Qg6 36. Qg4 Qe8 37. Qe4 Qd7 38. Ng4 Rg6 39. Ne5
1-0

[Event "2006 Standard Chess Dropout Tournament, Round 3"]
[Site "SchemingMind.com"]
[Date "2006.07.11"]
[Round "3"]
[White "AaronB"]
[Black "bholenath"]
[Result "1-0"]
[WhiteCountry "USA"]
[BlackCountry "SCO"]
[WhiteElo "1624"]
[WhiteRD "73"]
[BlackElo "1574"]
[BlackRD "95"]
[GameID "59264"]

1. e4 Nc6 2. d4 d6 3. Nf3 g6 4. Nc3 Bg7 5. Be3 Bg4 6. h3 Bxf3 7. gxf3 e6 8. f4 a6 9. Bg2 Nge7 10. Qe2 Rb8
11. O-O-O Na5 12. e5 d5 13. h4 Qd7 14. h5 b5 15. b3 Qc6 16. Kb2 Qb6 17. hxg6 Nxg6 18. Rh5 b4 19. Na4 Qc6 20. Nc5 Rb6
21. Rdh1 Bf8 22. Nd3 h6 23. Bh3 Ne7 24. f5 Rg8 25. f6 Ng6 26. Bxh6 Nc4+ 27. bxc4 Qxc4 28. Bd2 Qxd4+ 29. Kb1 a5 30. Be3 Qe4
31. Bf1 Rc6 32. Bh6 Bxh6 33. Rxh6 a4 34. Qxe4 dxe4 35. Nxb4 Rb6 36. a3 c5 37. c3 cxb4 38. cxb4 Nxe5 39. Be2 Rg2 40. Rh8+ Kd7
41. Rd1+ Kc6 42. Rf1 e3 43. Rh5 Nd7 44. Bf3+ Kd6 45. Bxg2 Nxf6 46. Rd1+ Ke7 47. Ra5 Rd6 48. Rxd6 Kxd6 49. fxe3 Ng4 50. e4 e5
51. Rxa4 Ne3 52. Ra6+ Ke7 53. Bh3 Nc4 54. Kc2 Kd8 55. b5 Kc7 56. Rc6+
1-0

[Event "2006 Standard Chess Dropout Tournament, Round 3"]
[Site "SchemingMind.com"]
[Date "2006.07.11"]
[Round "3"]
[White "agrillage"]
[Black "KaliYuga"]
[Result "1-0"]
[WhiteCountry "MLT"]
[BlackCountry "IRL"]
[WhiteElo "2064"]
[WhiteRD "81"]
[BlackElo "1925"]
[BlackRD "65"]
[GameID "59265"]

1. c4 Nf6 2. g3 g6 3. Bg2 Bg7 4. Nc3 d6 5. d3 c5 6. Bg5 Nc6 7. Nf3 Bd7 8. O-O a6 9. Qc1 Rb8 10. Bh6 Bxh6
11. Qxh6 e6 12. Ng5 Ng4 13. Qh4 h5 14. h3 Nh6 15. Qf4 O-O 16. Nxe6 Bxe6 17. Qxh6 Nd4 18. Qd2 b5 19. b3 Qd7 20. Kh2 bxc4
21. dxc4 Kg7 22. Rad1 Rbd8 23. e3 Nf5 24. Qb2 Kh7 25. Rd2 Qc7 26. Rfd1 Rd7 27. Ne4 Kh6 28. Qf6 Qd8 29. Qxd8 Rfxd8 30. Nf6 Rc7
31. g4 hxg4 32. hxg4 Nh4 33. Rxd6 Rxd6 34. Rxd6 Nxg2 35. Kxg2 Kg5 36. Ne4+ Kxg4 37. Rxa6 Rc8 38. Ra5 Bf5 39. Nd6 Rc7 40. Nxf5 gxf5
41. f3+ Kg5 42. Kg3 f6 43. a4 Rd7 44. Rxc5 Rd3 45. b4 Rxe3 46. b5 Ra3 47. b6 Rxa4 48. b7 Rb4 49. Rb5
1-0

[Event "2006 Standard Chess Dropout Tournament, Round 3"]
[Site "SchemingMind.com"]
[Date "2006.07.11"]
[Round "3"]
[White "albear"]
[Black "lumilinna"]
[Result "0-1"]
[WhiteCountry "ENG"]
[BlackCountry "FIN"]
[WhiteElo "1770"]
[WhiteRD "80"]
[BlackElo "1799"]
[BlackRD "75"]
[GameID "59266"]

1. e4 c5 2. Bc4 e6 3. d4 cxd4 4. Qxd4 Nc6 5. Qd1 Nf6 6. Nc3 Bb4 7. Bg5 Bxc3+ 8. bxc3 h6 9. Bxf6 Qxf6 10. Ne2 O-O
11. O-O a6 12. f4 b5 13. Bb3 a5 14. a4 b4 15. f5 e5 16. cxb4 Nxb4 17. Nc3 Ba6 18. Nd5 Nxd5 19. Bxd5 Bxf1 20. Bxa8 Bxg2
21. Kxg2 Rxa8 22. Qd5 Rc8 23. c4 Qg5+ 24. Kf2 Qf4+ 25. Kg2 Rb8 26. Ra2 Rb3 27. Rf2 Qg4+ 28. Kf1 Rb1+ 29. Qd1 Rxd1#
0-1

[Event "2006 Standard Chess Dropout Tournament, Round 3"]
[Site "SchemingMind.com"]
[Date "2006.07.11"]
[Round "3"]
[White "bholenath"]
[Black "boojiboy"]
[Result "0-1"]
[WhiteCountry "SCO"]
[BlackCountry "USA"]
[WhiteElo "1638"]
[WhiteRD "97"]
[BlackElo "1750"]
[BlackRD "72"]
[GameID "59268"]

1. e4 e6 2. b3 d5 3. e5 c5 4. Qf3 Ne7 5. Bb2 Qc7 6. Nh3 Ng6 7. Bd3 Nxe5 8. Qe3 Nxd3+ 9. cxd3 d4 10. Qe2 Nd7
11. g3 Qe5 12. Qxe5 Nxe5 13. O-O Nxd3 14. Bc1 b6 15. Na3 Bd7 16. Nc2 Be7 17. a4 e5 18. Kg2 h5 19. f3 Bxh3+ 20. Kxh3 h4
21. g4 Nf4#
0-1